LEADER 01535nam a2200301 i 4500 001 000000256119 003 CaOOAMICUS 005 20200107150104.0 008 171109s2017 gw u000 u ger u 013 $a235027 020 $a978-3-525-54069-5 040 $aSeMil$bita 245 10$aSpurensuche zur Einleitung in das Neue Testament :$beine Festschrift im Dialog mit Udo Schnelle /$cherausgegeben von Michael Labahn. 264 1$aGöttingen :$bVandenhoeck & Ruprecht,$c2017. 300 $a469 p. ;$c24 cm. 490 0 $aForschungen zur Religion und Literatur des Alten und Neuen Testaments ;$v271 500 $aSaggi in inglese e tedesco. 650 4$aBibbia - NT - Commentari, studi, critica, interpretazioni - Miscellanea.$0(OLS)http://semarc/subject/2730 700 1 $aLabahn, Michael,$d<1964- >.$0(OLS)http://semarc/name/90967 700 1 $aSchnelle, Udo,$d<1952- >.$0(OLS)http://semarc/name/93697 830 0$aForschungen zur Religion und Literatur des Alten und Neuen Testaments ;$v271.$0(OLS)http://semarc/title/298 850 $aSeMil 852 $aSeMil$W1$xVenegono$y1$m2XA S 271$j206465$B206465$CSeMilBibl$Z2$F219817 $81 961 $aSottoscrizione: Vandenhoeck & Ruprecht 996 $6020$a978-3-525-54069-5$9(OLS)http://semarc/number/280342 996 $6245$aSpurensuche zur Einleitung in das Neue Testament :$beine Festschrift im Dialog mit Udo Schnelle$9(OLS)http://semarc/title/412115 996 $6264$aGöttingen :$bVandenhoeck & Ruprecht$9(OLS)http://semarc/publisher/29697 LEADER 01057nam a2200265 i 4500 001 000000344414 003 CaOOAMICUS 005 20210309142123.0 008 210222s1963 fr u001 u fre u 013 $a16395 040 $aSeMil$bita 100 1 $aDaniélou, Jean,$c.$0(OLS)http://semarc/name/50 240 10$aAu commencement : Genèse 1-11.$0(OLS)http://semarc/title/67187 245 10$aAu commencement :$b Genèse 1-11 /$cJean Danielou. 260 $aParis :$bÉditions du Seuil,$c1963. 300 $a123 p. ;$c19 cm 541 $aFondo mons. Pasquale Macchi (2Y I 255) 650 4$aBibbia. Antico Testamento. Genesi, 1-11.$0(OLS)http://semarc/subject/1393 850 $aSeMil 852 $aSeMil$W1$xVenegono$y1$m2Y I 255$j224842$B235425$CSeMilBibl$Z2$F235425 $81 941 1 $a8 961 $aFondo mons. Pasquale Macchi 996 $6245$aAu commencement :$b Genèse 1-11$9(OLS)http://semarc/title/433507 996 $6260$aParis :$bÉditions du Seuil$9(OLS)http://semarc/publisher/29806